| 000 | 00804nam a2200265 a 4500 | ||
|---|---|---|---|
| 008 | |||
| 020 | _a0080407382 (pbk.) | ||
| 049 | _aMAIN | ||
| 090 |
_aTJ164 _bHAY |
||
| 100 | _aHaywood, R. W. | ||
| 245 | 0 |
_aAnalysis of engineering cycles: power,refrigerating and gas liquefaction/ _cR. W. Haywood. |
|
| 250 | _a4th ed. | ||
| 260 |
_aOxford : _bPergamon press, _c1991 |
||
| 300 |
_axxv, 344 p. : _bill. ; _c23 cm. |
||
| 504 | _aIncludes bibliographical references. | ||
| 500 | _aIncludes index. | ||
| 650 | _aGases-Liquefaction. | ||
| 650 | _aRefrigeration and refrigeration machinery. | ||
| 650 | _aPower plants. | ||
| 907 |
_a.b10102607 _b31-03-22 _c10-12-03 |
||
| 003 | |||
| 005 | 20230123133831.0 | ||
| 040 | _cNUST | ||
| 942 |
_cBOOKS _kTJ164 _mHAY |
||
| 999 |
_c155427 _d155427 |
||